Class, status and power: a reader in social stratification

Guardat en:
Dades bibliogràfiques
Autor principal: Bendix, Reinhard (Autor)
Altres autors: Lipset, Seymour Martin (autor)
Format: Llibre
Idioma:anglès
Publicat: Glencoe Free Press 1953
Matèries:
Etiquetes: Afegir etiqueta
Sense etiquetes, Sigues el primer a etiquetar aquest registre!

MARC

LEADER 00000nam a2200000 a 4500
001 UCT6369
003 CL-VaPUC
008 970106e19530000us |||||||||||||||||eng|d
082 0 4 |a 305.5  |b BEN  |2 21 
100 0 |a Bendix, Reinhard  |e author  |9 376491 
700 |a Lipset, Seymour Martin  |e autor  |9 451988 
245 1 0 |a Class, status and power: a reader in social stratification 
300 |a 725 p 
942 |c BK 
945 |d 19970106 00:00:00  |a lriquelm 
260 |a Glencoe  |b Free Press  |c 1953 
650 7 |a ESTRUCTURA SOCIAL  |2 CL-VaPUC  |9 376493 
650 0 |a Estratificación social  |9 337692 
650 7 |a PODER SOCIAL  |2 CL-VaPUC  |9 376134 
650 0 |a Comportamiento social  |9 334200 
650 0 |a Movilidad social  |9 315088 
650 7 |a ESTRUCTURA SOCIAL  |2 CL-VaPUC  |9 376493 
651 0 |a Estados Unidos  |9 255178 
583 |a last modification  |c 20171011 12:43:10  |k Rodrigo Vera 
999 |c 255082  |d 255080 
952 |0 0  |1 0  |4 0  |6 305_500000000000000_BEN_1953  |7 0  |8 P  |9 277144  |a BIBDER  |b BIBDER  |d 2019-11-19  |i 1798871  |o 305.5 BEN 1953  |p 1798871  |r 2023-01-25  |w 2019-11-19  |y BK  |k DER 
952 |0 0  |1 0  |4 0  |6 305_500000000000000_BEN_1953  |7 0  |8 A  |9 277145  |a BIBHIS  |b BIBHIS  |d 2019-11-19  |i 1208578  |o 305.5 BEN 1953  |p 1208578  |r 2025-01-20  |w 2019-11-19  |y BK  |k HIS